Analýza faktorov alokácie pracovníkov do sektorov

Empirický odhad faktorov vplývajúcich na alokáciu pracovnej sily do jednotlivých sektorov.

Na minha lista:
Detalhes bibliográficos
Autor principal: Horvát, Peter
Formato: Capítulo de Livro
Idioma:eslovaco
Assuntos:
Tags: Adicionar Tag
Sem tags, seja o primeiro a adicionar uma tag!

MARC

LEADER 00000naa a2200000 4500
001 0186511
005 20240502073202.7
041 0 |a slo 
044 |a SK 
245 1 0 |a Analýza faktorov alokácie pracovníkov do sektorov  |c Peter Horvát 
520 |a Empirický odhad faktorov vplývajúcich na alokáciu pracovnej sily do jednotlivých sektorov. 
610 2 0 |a regresia 
610 2 0 |a analýza empirická 
610 2 0 |a odhady 
610 2 0 |a trh práce 
610 2 0 |a sily pracovné 
100 1 |a Horvát, Peter